000
00278nam a22001337a 4500
008
181009b xxu||||| |||| 00| 0 eng d
020
_a
9780201282399
041
_a
eng
080
_a
541
100
_a
12
101
_a
KIM
245
_a
Chemistry
_c
Wesley, A
942
_2
udc
_c
BK
999
_c
49099
_d
49099